Humanités, humanisme, humanitaire (notice n° 1630343)
[ vue normale ]
| 000 -LEADER | |
|---|---|
| fixed length control field | 01814cam a2200169 4500500 |
| 005 - DATE AND TIME OF LATEST TRANSACTION | |
| control field | 20260111103346.0 |
| 041 ## - LANGUAGE CODE | |
| Language code of text/sound track or separate title | fre |
| 042 ## - AUTHENTICATION CODE | |
| Authentication code | dc |
| 100 10 - MAIN ENTRY--PERSONAL NAME | |
| Personal name | Marmet, Carole |
| Relator term | author |
| 245 00 - TITLE STATEMENT | |
| Title | Humanités, humanisme, humanitaire |
| 260 ## - PUBLICATION, DISTRIBUTION, ETC. | |
| Date of publication, distribution, etc. | 2012.<br/> |
| 500 ## - GENERAL NOTE | |
| General note | 60 |
| 520 ## - SUMMARY, ETC. | |
| Summary, etc. | RésuméEn qualité d’éducateur, on peut être surpris par la popularité dont a bénéficié le film Scarface de Brian De Palma auprès de certains jeunes, notamment ceux habitant des espaces paupérisés. Le personnage principal « Tony Montana », joué par Al Pacino est souvent sublimé par ces derniers, jusqu’à être érigé en modèle de réussite.Ce texte a pour ambition de mettre en parallèle une fiction cinématographique et le quotidien d’un « jeune banlieusard » pris dans l’étau de la consommation de produits. Le jeune Ali habite en effet son héros avec démesure, jusqu’à en légitimer son addiction et se retrouver sur le ban(c) de la cité. |
| 520 ## - SUMMARY, ETC. | |
| Summary, etc. | Chronicle of a youngster who took himself for ScarfaceAs an educator, one can be surprised by the popularity that Brian de Palma’s film Scarface reached among certain youngsters, namely those living in poor places. The main character, « Tony Montana », played by Al Pacino, is often sublimated by them, to the point of being turned into a model of success.This text aims at drawing a parallel between a cinematographic fiction and the daily life of a « suburban youngster » trapped in the spiral of substance abuse. The young Ali lives his hero to the extreme of legitimizing his addiction and finding himself (dis)placed on the community bench. |
| 786 0# - DATA SOURCE ENTRY | |
| Note | Le Sociographe | 40 | 4 | 2012-12-01 | p. 4-5 | 1297-6628 |
| 856 41 - ELECTRONIC LOCATION AND ACCESS | |
| Uniform Resource Identifier | <a href="https://shs.cairn.info/revue-le-sociographe-2012-4-page-4?lang=fr&redirect-ssocas=7080">https://shs.cairn.info/revue-le-sociographe-2012-4-page-4?lang=fr&redirect-ssocas=7080</a> |
Pas d'exemplaire disponible.




Réseaux sociaux